| 000 | 00393nam a2200169Ia 4500 | ||
|---|---|---|---|
| 001 | 23141 | ||
| 003 | IN-NITTTR | ||
| 005 | 20251114233300.0 | ||
| 008 | 251113s9999||||xx |||||||||||||| ||eng|| | ||
| 040 | _beng | ||
| 040 | _cIN-NITTTR | ||
| 041 | _aeng | ||
| 082 | _a338.954 R18E | ||
| 100 | _aRao, V. Lakshmana | ||
| 245 | 0 |
_aEssays on Indian economy / _cRao, V. Lakshmana |
|
| 942 |
_2ddc _cBK |
||
| 999 |
_c25770 _d25770 |
||